|
|
|
|
| LEADER |
01193nam a2200241 a 4500 |
| 001 |
1167637 |
| 008 |
091210s1988 bg ab b 000 0 eng d |
| 020 |
|
|
|a 0908665180
|
| 040 |
|
|
|a CLONE
|c VMOU
|d BD-DhAAL
|
| 082 |
0 |
0 |
|a 331.4095492
|2 19
|
| 100 |
1 |
|
|a Nur, Najmir,
|d 1944-
|
| 245 |
1 |
0 |
|a Pay or purdah :
|b women and income earning in rural Bangladesh /
|c by Najmir Nur Begum.
|
| 260 |
|
|
|a Dhaka :
|b Human Resources Development Programme, Winrock International Institute for Agricultural Development, in collaboration with Bangladesh Agricultural Research Council,
|c 1988.
|
| 300 |
|
|
|a xvi, 172 p. :
|b ill., map ;
|c 22 cm.
|
| 490 |
0 |
|
|a Studies in development and social change
|
| 504 |
|
|
|a Bibliography: p. [167]-172.
|
| 534 |
|
|
|a Reprint. Originally published:
|c Palmerston North, N.Z. : Dept. of Sociology, Massey University, 1987.
|
| 541 |
1 |
|
|e 00004870
|
| 650 |
|
0 |
|a Women
|x Employment
|z Bangladesh.
|
| 650 |
|
0 |
|a Rural women
|z Bangladesh.
|
| 852 |
4 |
|
|a Ayesha Abed Library
|j General Shelf.
|
| 999 |
|
|
|c 6149
|d 6149
|
| 952 |
|
|
|0 0
|1 4
|2 ddc
|4 0
|6 331_409549200000000_NUR
|7 0
|9 6148
|a BRACUL
|b BRACUL
|c GEN
|d 2009-12-15
|g 150.00
|l 0
|o 331.4095492 NUR
|p 3010004870
|r 2009-12-15
|t 1
|w 2009-12-15
|y BK
|x Koha Inventory 2020
|